| 000 | 00553nam a2200157 a 4500 | ||
|---|---|---|---|
| 001 | 000028046 | ||
| 005 | 20240301073825.0 | ||
| 008 | 110406s2003 dr 000 0 spa d | ||
| 040 |
_aDO-SdBNP _bspa _cBNPHU |
||
| 100 | 1 |
_aCéspedes, Diógenes, _d1941- _920548 |
|
| 245 | 1 | 0 |
_aTres ensayos acerca de la relación entre los intelectuales, el poder y sus instancias / _cDiógenes Céspedes. |
| 260 |
_aSanto Domingo : _bEdiciones Cuesta Veliz, _c2003. |
||
| 300 |
_a37 p. ; _c25 cm. |
||
| 590 | _aLa biblioteca posee un ejemplar autografiado | ||
| 049 | _aBNPD | ||
| 999 |
_c27538 _d27538 |
||